000 00450nam a2200169Ia 4500
008 230917s9999||||xx |||||||||||||| ||und||
020 _cRS995
040 _e251806
_aMAIN
041 _aEnglish
082 _a338.4791 T375R
100 _aThompson, Neil
245 0 _aRegional tourism
260 _aNew Delhi
_bDiscovery Publishing House
_c2016
300 _avi, 280 p.
500 _a3338 03/12/2018 RBP18/73094 13/12/2018 IHTM (SFS)
942 _cBK
999 _c29142
_d29142